Visualizzazione normale
Vista MARC
- Bixio Cesare Andrea
di Personal Name
Records bibliografici associati: 1
001 - CONTROL NUMBER
- control field: 6650
003 - CONTROL NUMBER IDENTIFIER
- control field: IT-RoPau
005 - DATE AND TIME OF LATEST TRANSACTION
- control field: 20131222162858.0
008 - FIXED-LENGTH DATA ELEMENTS
- fixed length control field: 131222|| aca||aabn | a|a d
040 ## - CATALOGING SOURCE
- Original cataloging agency: IT-RoPau
- Transcribing agency: IT-RoPau
100 ## - HEADING--PERSONAL NAME
- Personal name: Bixio Cesare Andrea
- Dates associated with a name: Codice autore testo/musica SPICS: 13441
- Relator term: Autore testo/musica
- Name of part/section of a work: Torna piccina - Mamma - Vivere - Il tango delle capinere - La canzone dell'amore - Lasciami cantare una canzone - Parlami d'amore Mariù
670 ## - SOURCE DATA FOUND
- Source citation: Work cat.: (IT-RoPau)99700: AA.VV. 794, Grande canzone (La)-Lp Tnl1 3034